00723nam a2200241 a 4500001001300000003000900013005001700022008004100039020000800080082001500088100002000103245004300123260006500166300000800231500003500239505002400274650002200298700002000320902000800340942000700348952011100355999001500466nice12345678IN_TiNIC20260116011407.0050524s1969 beia grp 000 0 eng  ac000a269.2bJOY aJoycee, Raymond aMessage to Islam Report of Study Conf. aBeirut, LebanonbMuslim World Evangelical Lit. Servicec1969 a80p aincludes index and biblioraphy2 aBibliography, Index aEvangelistic Work1 aJoycee, Raymond bSRS cBK 001040708StackRoom-aHMIbHMId2005-05-24g0.00l0o269.2 JOYp03895r2005-05-24v0.00w2005-05-24yBK c1128d1128